Communication systems : An introduction to signals and noise in electrical communication

Covers the three major areas: signal and system analysis, analog communication, and digital communication. Emphasis on HDTV, LANs, WANs, satellite (iridium) telephone systems to address changes in professional arena. Features examples and exercises within each chapter, helping to master new concepts...

Descripció completa

Guardat en:
Dades bibliogràfiques
Autor principal: Carlson, A. Bruce
Format: Llibre
Idioma:Undetermined
Publicat: Boston McGraw-Hill 2002
Matèries:
Etiquetes: Afegir etiqueta
Sense etiquetes, Sigues el primer a etiquetar aquest registre!
Thư viện lưu trữ: Trung tâm Học liệu Trường Đại học Cần Thơ
LEADER 01015nam a2200217Ia 4500
001 CTU_127372
008 210402s9999 xx 000 0 und d
020 |c 138.03 
082 |a 621.38223 
082 |b C278 
100 |a Carlson, A. Bruce 
245 0 |a Communication systems : 
245 3 |b An introduction to signals and noise in electrical communication 
245 0 |c A. Bruce Carlson , Paul B. Crilly and Janet C. Rutledge 
260 |a Boston 
260 |b McGraw-Hill 
260 |c 2002 
520 |a Covers the three major areas: signal and system analysis, analog communication, and digital communication. Emphasis on HDTV, LANs, WANs, satellite (iridium) telephone systems to address changes in professional arena. Features examples and exercises within each chapter, helping to master new concepts as they are introduced. 
650 |a Signal theory (Telecommunication),Modulation (Electronics),Digital communications 
904 |i Giang 
980 |a Trung tâm Học liệu Trường Đại học Cần Thơ